000 01074nam a2200217Ia 4500
003 OSt
005 20260421100320.0
008 160316s1993 xxu||||| |||| 00| 0 eng d
040 _c.
082 _a347.01 SIV
100 _aSiva Prasad, K. V.
245 _aThe Karnataka court fees and suits valuation act, 1958, and rules, 1960 (as amended by Karnataka Act no. 7 of 1996) /
_cK. V. Siva Prasad
260 _aBangalore :
_bSBC Law Publications,
_c1993.
300 _av, 320 p. ;
_c23 cm.
365 _bRs.225
505 _aChapter I Preliminary Chapter II: Liability to Pay Fee; Chapter III: Determination of Fee Chapter IV Computation of Fee Chapter V: Valuation of Suits; Chapter VI: Probates, Letters of Administration and Certificates of Administration; Chapter VII: Refunds and Remissions; Chapter VIII Miscellaneous Subject Index; Ready Referencer. List of Cases
650 _aSuit Valuation -- Court Fees -- Karnataka
700 _a
_a
856 _u/cgi-bin/koha/opac-retrieve-file.pl?id=838ed2aa725dbd7db0354e7fab83f7da
942 _2ddc
_cBK
999 _c19052
_d19052